Milionerzy Cz. 3 - Statystyki

Ogólne statystyki
  • Ten quiz został rozwiązany 69 razy
  • Średni wynik to 4 z 12
Statystyki odpowiedzi
Kwota Pytanie Odpowiedź % Poprawnych
500zł W którym roku był Chrzest Polski? 966
100%
1000zł Garncarz wytwarza naczynia z : gliny
98%
250000zł Kiedy Polska utraciła niepodległośc ( rok ) 1795
54%
5000zł Chrześcijańska nazwa Stambułu : Konstantynopol
51%
20000zł Stado dzików Wataha
32%
125000zł Kto powiedział You Should Not Pass Gandalf
22%
10000zł Dzięki m.in. piosence Private Dancer popularna stała się : Tina Turner
19%
75000zł Kto był ( wg. legendy ) wykluty z jaja koguta i wysiedzony przez węże? Bazyliszek
10%
2000zł Która warszawska stacja metra jest napisana z "błędem" Bródno
10%
1000000zł Z czego była tarcza Kapitana Ameryki? Z ....... Vibranium
5%
500000zł Egipski bóg Ziemi : Geb
2%
40000zł Największy wulkan na Ziemi Ojos
2%
Nie znaleziono quizów pasujących do podanych kryteriów
Rozkład punktacji
Procent ludzi z każdym wynikiem
Percentyl według liczby udzielonych odpowiedzi
Twoja historia wyników
Nie rozwiązałeś tego quizu